Automatizovaný systém na spracovanie údajov zo SMART senzorov
Saved in:
| Main Author: | |
|---|---|
| Other Authors: | |
| Format: | Manuscript Book |
| Language: | Slovak |
| Published: |
2016
|
| Subjects: | |
| Online Access: | http://is.stuba.sk/zp/portal_zp.pl?podrobnosti=119910 |
| Tags: |
No Tags, Be the first to tag this record!
|
MARC
| LEADER | 00000ntm a22000003a 4500 | ||
|---|---|---|---|
| 001 | stuzp54999 | ||
| 003 | SK-STU | ||
| 005 | 20160824105621.1 | ||
| 007 | ta | ||
| 008 | 150427s2015----xo-----f-mn---000-0-slo-d | ||
| 040 | |a STU |b slo | ||
| 041 | 0 | |a slo | |
| 044 | |a xo | ||
| 100 | 1 | |a Nemec, Pavol |u 035000 |k Z4 |4 aut |U FEI Fakulta elektrotechniky a informatiky |T FEI Ústav informatiky a matematiky |X 48115 |U E050 |Y 816 |7 A000048115 | |
| 242 | 0 | 1 | |a Automated system for processing data from SMART sensors |y eng |
| 245 | 1 | 0 | |a Automatizovaný systém na spracovanie údajov zo SMART senzorov |
| 260 | |c 2016 | ||
| 300 | |a 49 s., príl., |b CD-ROM | ||
| 650 | 4 | |a SMART senzor |2 slo | |
| 650 | 4 | |a informačný systém |2 slo | |
| 650 | 4 | |a experiment |2 slo | |
| 650 | 4 | |a procedúra |2 slo | |
| 650 | 4 | |a SMART sensor |2 eng | |
| 650 | 4 | |a experiment |2 eng | |
| 650 | 4 | |a procedure |2 eng | |
| 650 | 4 | |a information system |2 eng | |
| 700 | 1 | |a Vojs, Marian |u 033000 |k Z2 |4 ths |U FEI Fakulta elektrotechniky a informatiky |T FEI Ústav elektroniky a fotoniky |X 2979 |U E030 |Y 549 |7 A000002979 | |
| 856 | 4 | |u http://is.stuba.sk/zp/portal_zp.pl?podrobnosti=119910 | |
| 996 | |b 284EP11518 |c E*DIPL- 11518 |l EE35 |s P |a 0 |w stuzp54999_0001 | ||
| SQL | |a stuzp54999 |b DDP |c SLO |d Automatizovaný systém na spracovanie údajov zo SMART senzorov |e 48115 |f Nemec, Pavol |g 035000 |h 2979 |i Vojs, Marian |j 20160615 |k 359 |l 03 |m http://is.stuba.sk/zp/portal_zp.pl?podrobnosti=119910 |n I-API |o 9.2.9. aplikovaná informatika | ||